000 00342nam a2200145Ia 4500
008 230917s9999||||xx |||||||||||||| ||und||
040 _e120574
_aMAIN
041 _aEnglish
082 _a823.8 W462W
100 _aWelis, H G
245 0 _aTime Machine
260 _aNew Delhi
_bAtlantic Publishers
_c1995
300 _a120 p.
942 _cBK
999 _c145785
_d145785